[Event "FIDE CB Open 2022"]
[Site "Ceske Budejovice"]
[Date "2022.07.08"]
[Round "8.27"]
[White "Mrazik, Tomas"]
[Black "Zezula, Jakub"]
[Result "1/2-1/2"]
[WhiteElo "2055"]
[BlackElo "1831"]
[Annotator "NA RC"]
[PlyCount "98"]
[EventDate "2022.07.01"]
[EventType "swiss"]
[EventCountry "CZE"]
[SourceTitle "playchess.com"]
[Source "ChessBase"]
[SourceQuality "1"]

1. Nf3 d5 2. d3 Nf6 3. g3 g6 4. Bg2 Bg7 5. O-O O-O 6. Nbd2 Re8 7. e4 dxe4 8. dxe4 e5 9. c3 Nc6 10. Qc2 Qe7 11. b4 a6 12. a4 Be6 13. Ng5 h6 14. Nxe6 Qxe6 15. Nb3 b6 16. Re1 Red8 17. Bf1 Ne8 18. a5 b5 19. Nc5 Qf6 20. Be3 Nd6 21. Rad1 g5 22. Rd5 h5 23. Qc1 Qg6 24. Bxg5 f6 25. Bd2 h4 26. Ne6 hxg3 27. hxg3 Rd7 28. Nxc7 Rxc7 29. Rxd6 Bf8 30. Rd3 Nxb4 31. Rf3 Nc6 32. Qa1 Bc5 33. Bh3 Kg7 34. Bf5 Qh5 35. g4 Qh4 36. Kg2 Rh8 37. Rh1 Qxh1+ 38. Qxh1 Rxh1 39. Kxh1 Nxa5 40. Rh3 Bb6 41. g5 Nc4 42. gxf6+ Kxf6 43. Rh6+ Kg7 44. Bg5 a5 45. Rg6+ Kf7 46. Bh6 a4 47. Rg7+ Kf6 48. Rg6+ Kf7 49. Rg7+ Kf6 1/2-1/2

[Event "FIDE CB Open 2022"]
[Site "Ceske Budejovice"]
[Date "2022.07.08"]
[Round "8.28"]
[White "Zeleny, Tomas"]
[Black "Sadek, Vojtech"]
[Result "0-1"]
[WhiteElo "2136"]
[BlackElo "1973"]
[Annotator "RC"]
[PlyCount "84"]
[EventDate "2022.07.01"]
[EventType "swiss"]
[EventCountry "CZE"]
[SourceTitle "playchess.com"]
[Source "ChessBase"]
[SourceQuality "1"]

1. e4 c5 2. d4 cxd4 3. c3 dxc3 4. Nxc3 Nc6 5. Nf3 d6 6. Bc4 a6 7. O-O Nf6 8. h3 e6 9. Qe2 Be7 10. Rd1 Qc7 11. Bf4 Ne5 12. Bb3 Bd7 13. Rac1 Qb8 14. Rd2 O-O 15. Rcd1 Rd8 16. Qe3 b5 17. Nd4 Qa7 18. Bg5 b4 19. Nce2 a5 20. f4 Nc6 21. e5 dxe5 22. fxe5 Nd5 23. Bxd5 Bxg5 24. Qxg5 exd5 25. Kh1 Nxd4 26. Rxd4 Be6 27. Nf4 h6 28. Qg3 Qc5 29. Nh5 Qf8 30. Rf1 Rac8 31. Rh4 Kh8 32. Rf6 gxf6 33. Nxf6 Rc1+ 34. Kh2 Rf1 35. Qg5 Rxf6 36. exf6 Kh7 37. Qd2 Bf5 38. Kh1 Bg6 39. g4 Re8 40. g5 h5 41. Qd1 Kg8 42. Rd4 Qd6 0-1

[Event "FIDE CB Open 2022"]
[Site "Ceske Budejovice"]
[Date "2022.07.08"]
[Round "8.30"]
[White "Lang, Simon"]
[Black "Pavlis, Matej"]
[Result "1-0"]
[WhiteElo "1942"]
[BlackElo "1625"]
[Annotator "NA"]
[PlyCount "67"]
[EventDate "2022.07.01"]
[EventType "swiss"]
[EventCountry "CZE"]
[SourceTitle "playchess.com"]
[Source "ChessBase"]
[SourceQuality "1"]

1. e4 d5 2. exd5 Qxd5 3. Nc3 Qd6 4. d4 Nf6 5. g3 a6 6. Bg2 Bg4 7. Nf3 Nc6 8. O-O O-O-O 9. Bf4 Qb4 10. a3 Qc4 11. h3 Rxd4 12. Qe1 Bxf3 13. Bxf3 Rd8 14. b3 Nd4 15. Bxb7+ Kxb7 16. bxc4 Nf3+ 17. Kg2 Nxe1+ 18. Rfxe1 e6 19. Rab1+ Kc6 20. Bg5 Bxa3 21. Re5 Bc5 22. Ne4 Bd4 23. Bxf6 gxf6 24. Ra5 Ra8 25. c3 Bb6 26. Ra4 Rhd8 27. Nxf6 Rd2 28. Ne4 Rc2 29. c5 Bxc5 30. Rc4 Kd5 31. Rxc5+ Kxe4 32. Rd1 e5 33. g4 a5 34. Rc4# 1-0

[Event "FIDE CB Open 2022"]
[Site "Ceske Budejovice"]
[Date "2022.07.08"]
[Round "8.31"]
[White "Holub, Adam"]
[Black "Hlavac, Rudolf"]
[Result "1-0"]
[WhiteElo "1817"]
[BlackElo "1931"]
[Annotator "NA"]
[PlyCount "61"]
[EventDate "2022.07.01"]
[EventType "swiss"]
[EventCountry "CZE"]
[SourceTitle "playchess.com"]
[Source "ChessBase"]
[SourceQuality "1"]

1. e4 c5 2. Nf3 Nc6 3. Nc3 e5 4. Bc4 Be7 5. d3 d6 6. O-O h6 7. Nd2 Nf6 8. Re1 O-O 9. Nf1 Be6 10. Ne3 Qd7 11. Ncd5 Bxd5 12. Nxd5 Nxd5 13. Bxd5 Kh7 14. c3 Bf6 15. Qh5 Qe7 16. Rf1 Nd8 17. f4 g6 18. Qh3 exf4 19. Bxf4 Bg7 20. Rf2 Ne6 21. Bd2 Rae8 22. Raf1 f6 23. Qg4 Ng5 24. h4 h5 25. Qe2 Nf7 26. g4 hxg4 27. Qxg4 Nh6 28. Qg3 f5 29. h5 Ng4 30. hxg6+ Kxg6 31. exf5+ 1-0

[Event "FIDE CB Open 2022"]
[Site "Ceske Budejovice"]
[Date "2022.07.08"]
[Round "8.32"]
[White "Dotzer, Lukas"]
[Black "Koc, Azra Ece"]
[Result "1-0"]
[WhiteElo "2269"]
[BlackElo "1867"]
[Annotator "RC"]
[PlyCount "111"]
[EventDate "2022.07.01"]
[EventType "swiss"]
[EventCountry "CZE"]
[SourceTitle "playchess.com"]
[Source "ChessBase"]
[SourceQuality "1"]

1. e4 e5 2. Nf3 Nc6 3. d4 exd4 4. Nxd4 Bc5 5. Nb3 Bb6 6. Nc3 Nge7 7. g3 d6 8. Bg2 a5 9. a4 Nb4 10. Ne2 c6 11. c3 Na6 12. Nf4 Nc7 13. c4 O-O 14. O-O f5 15. exf5 Nxf5 16. Bd2 Ne6 17. Rc1 Nxf4 18. Bxf4 Qf6 19. Rc3 Rd8 20. Nd2 d5 21. Qb3 Bd4 22. cxd5 Bxc3 23. Ne4 Qg6 24. Nxc3 Kh8 25. Qb6 Rf8 26. dxc6 bxc6 27. Qxc6 Qxc6 28. Bxc6 Ba6 29. Nb5 Rac8 30. Bd7 Rc2 31. Re1 h6 32. Bxf5 Rxf5 33. Nd4 Rxf4 34. Nxc2 Rxa4 35. Ra1 Rxa1+ 36. Nxa1 a4 37. f3 Kg8 38. Kf2 Kf7 39. Ke3 Ke6 40. Nc2 g6 41. Kd4 Kd6 42. f4 h5 43. Ne3 Be2 44. Nd5 Bd1 45. Nc3 Bb3 46. Ne4+ Kc6 47. Nc5 Bd1 48. Ne4 Bc2 49. Nc3 Kb6 50. Kc4 Ka5 51. Kc5 Bd3 52. Nd5 Bb5 53. Nf6 Bd3 54. Nd7 Bf5 55. Ne5 Bc2 56. Nc6+ 1-0

[Event "FIDE CB Open 2022"]
[Site "Ceske Budejovice"]
[Date "2022.07.08"]
[Round "8.33"]
[White "Vilimek, Vit"]
[Black "Simacek, Vaclav"]
[Result "0-1"]
[WhiteElo "1996"]
[BlackElo "1856"]
[Annotator "RC"]
[PlyCount "162"]
[EventDate "2022.07.01"]
[EventType "swiss"]
[EventCountry "CZE"]
[SourceTitle "playchess.com"]
[Source "ChessBase"]
[SourceQuality "1"]

1. e4 Nc6 2. Nf3 e5 3. Nc3 Bb4 4. Bb5 Nge7 5. d3 Nd4 6. Bd2 Bxc3 7. Bxc3 Nxb5 8. Bxe5 f6 9. Bg3 d6 10. a4 Bd7 11. axb5 Bxb5 12. c3 Bc6 13. O-O O-O 14. Re1 Ng6 15. d4 a6 16. Qb3+ d5 17. e5 Kh8 18. Re3 f5 19. e6 f4 20. Bh4 Nxh4 21. e7 Nxf3+ 22. gxf3 Qd6 23. exf8=Q+ Rxf8 24. Re5 Qg6+ 25. Kh1 Qh6 26. Rg1 Qh3 27. Qd1 h6 28. Rg2 Be8 29. Qd3 Bh5 30. Kg1 c6 31. Re7 Bf7 32. Rg4 g5 33. Qe2 Kg8 34. Qe5 Qxf3 35. Rg2 Qd1+ 36. Qe1 Qxe1+ 37. Rxe1 Bh5 38. Kf1 Bf3 39. Rg1 Kf7 40. Re5 Kf6 41. Ke1 c5 42. Kd2 Rd8 43. Rge1 Be4 44. f3 cxd4 45. cxd4 Bxf3 46. Re6+ Kf5 47. R1e5+ Kg4 48. Rxh6 Be4 49. h3+ Kf3 50. Rxg5 Rc8 51. Rb6 Rc2+ 52. Kd1 Rh2 53. Rxb7 Ke3 54. Rb3+ Kxd4 55. Ke1 f3 56. Rg3 Rc2 57. Rgxf3 Bxf3 58. Rxf3 Rxb2 59. Ra3 Rb6 60. Kd2 Rh6 61. h4 Kc4 62. Ra4+ Kb5 63. Rd4 Rh5 64. Kc3 a5 65. Rg4 Rf5 66. Rg3 Kc5 67. Rh3 Rh5 68. Rh1 a4 69. Rh2 d4+ 70. Kd3 a3 71. Rc2+ Kd5 72. Rh2 Re5 73. Ra2 Re3+ 74. Kd2 Rh3 75. Ra1 Kc4 76. Rc1+ Rc3 77. Ra1 Rb3 78. Rc1+ Kb4 79. Rc8 a2 80. Rb8+ Ka3 81. Rc8 a1=Q 0-1

[Event "FIDE CB Open 2022"]
[Site "Ceske Budejovice"]
[Date "2022.07.08"]
[Round "8.34"]
[White "Musil, Vitezslav"]
[Black "Vrchotka, Josef"]
[Result "1/2-1/2"]
[WhiteElo "1834"]
[BlackElo "1959"]
[Annotator "NA"]
[PlyCount "43"]
[EventDate "2022.07.01"]
[EventType "swiss"]
[EventCountry "CZE"]
[SourceTitle "playchess.com"]
[Source "ChessBase"]
[SourceQuality "1"]

1. e4 c6 2. Nc3 d5 3. Nf3 dxe4 4. Nxe4 Nf6 5. Ng3 h5 6. h4 Bg4 7. Be2 e6 8. d3 Bd6 9. Ne4 Nxe4 10. dxe4 Qc7 11. Nd4 Bxe2 12. Qxe2 Nd7 13. Nf3 O-O-O 14. Bg5 f6 15. Bd2 Kb8 16. O-O-O Bf4 17. g3 Bxd2+ 18. Rxd2 e5 19. Rhd1 Nb6 20. Rxd8+ Rxd8 21. Rxd8+ Qxd8 22. Qd3 1/2-1/2

[Event "FIDE CB Open 2022"]
[Site "Ceske Budejovice"]
[Date "2022.07.08"]
[Round "8.35"]
[White "Tsifanskaya, Ludmila A"]
[Black "Slaby, Matej"]
[Result "1/2-1/2"]
[WhiteElo "1941"]
[BlackElo "1796"]
[Annotator "NA RC"]
[PlyCount "82"]
[EventDate "2022.07.01"]
[EventType "swiss"]
[EventCountry "CZE"]
[SourceTitle "playchess.com"]
[Source "ChessBase"]
[SourceQuality "1"]

1. e4 c5 2. Nf3 e6 3. d3 d6 4. g3 b6 5. Bg2 Bb7 6. O-O Nf6 7. Re1 Be7 8. Nc3 a6 9. a4 O-O 10. d4 cxd4 11. Nxd4 Qc7 12. Nb3 Nbd7 13. f4 Rfd8 14. Qe2 g6 15. Be3 Rac8 16. Rad1 Qb8 17. Bd4 Nc5 18. Nd2 Qa8 19. Nc4 Nfd7 20. b4 Nxe4 21. Nxe4 Rxc4 22. Qxc4 d5 23. Qe2 dxe4 24. Bxe4 Bxb4 25. Bxb7 Qxb7 26. c3 Bf8 27. a5 b5 28. Qg2 Qc7 29. Qe4 Rc8 30. Kg2 Qxa5 31. Ra1 Ba3 32. Qb7 Rd8 33. Red1 Nc5 34. Bxc5 Rxd1 35. Rxd1 Bxc5 36. Qc8+ Bf8 37. Rd8 Qa2+ 38. Kf3 Qa3 39. Ke4 Kg7 40. Qc7 Qc1 41. Rd7 Qe1+ 1/2-1/2

[Event "FIDE CB Open 2022"]
[Site "Ceske Budejovice"]
[Date "2022.07.08"]
[Round "8.36"]
[White "Svanda, Adam"]
[Black "Wojdyla, Alex"]
[Result "1/2-1/2"]
[WhiteElo "1918"]
[BlackElo "1782"]
[Annotator "NA RC"]
[PlyCount "23"]
[EventDate "2022.07.01"]
[EventType "swiss"]
[EventCountry "CZE"]
[SourceTitle "playchess.com"]
[Source "ChessBase"]
[SourceQuality "1"]

1. c4 g6 2. g3 Bg7 3. Bg2 c5 4. Nc3 Nc6 5. e3 e6 6. Nge2 Nge7 7. O-O O-O 8. d4 cxd4 9. Nxd4 d5 10. cxd5 Nxd4 11. exd4 Nxd5 12. Nxd5 1/2-1/2

[Event "FIDE CB Open 2022"]
[Site "Ceske Budejovice"]
[Date "2022.07.08"]
[Round "8.37"]
[White "Stastna, Martina"]
[Black "Rosol, Philip"]
[Result "1/2-1/2"]
[WhiteElo "1912"]
[BlackElo "1741"]
[Annotator "NA"]
[PlyCount "65"]
[EventDate "2022.07.01"]
[EventType "swiss"]
[EventCountry "CZE"]
[SourceTitle "playchess.com"]
[Source "ChessBase"]
[SourceQuality "1"]

1. e4 c5 2. Nf3 e6 3. d4 cxd4 4. Nxd4 Nc6 5. Nxc6 bxc6 6. Bd3 d5 7. O-O Nf6 8. Nd2 Be7 9. b3 Nd7 10. c4 Ne5 11. Be2 d4 12. Nf3 Nxf3+ 13. Bxf3 e5 14. Be2 O-O 15. f4 Bd6 16. f5 Bc5 17. Bd3 f6 18. Rf3 Kf7 19. Rh3 Rh8 20. Qh5+ Ke7 21. Rg3 Qf8 22. Bd2 a5 23. a3 Kd8 24. Qd1 Rg8 25. Qe1 Bb6 26. b4 axb4 27. axb4 Rxa1 28. Qxa1 c5 29. b5 Bb7 30. Rh3 h6 31. Rg3 Qf7 32. Rg6 Re8 33. Rg3 1/2-1/2

[Event "FIDE CB Open 2022"]
[Site "Ceske Budejovice"]
[Date "2022.07.08"]
[Round "8.38"]
[White "Rucabado, Stefan"]
[Black "Zaza, Martin"]
[Result "1-0"]
[WhiteElo "1809"]
[BlackElo "1911"]
[Annotator "NA RC"]
[PlyCount "63"]
[EventDate "2022.07.01"]
[EventType "swiss"]
[EventCountry "CZE"]
[SourceTitle "playchess.com"]
[Source "ChessBase"]
[SourceQuality "1"]

1. e4 d6 2. d4 Nf6 3. Nc3 c6 4. Nf3 Nbd7 5. Be2 e5 6. O-O Be7 7. a4 a5 8. Re1 O-O 9. h3 Re8 10. Bc4 h6 11. Be3 Qc7 12. Qd2 Bf8 13. Bb3 exd4 14. Bxd4 Ne5 15. Nh2 Be6 16. f4 Bxb3 17. cxb3 Ned7 18. Nf3 Rad8 19. Qc2 d5 20. e5 Nh7 21. Nxd5 Qb8 22. Ne3 Bb4 23. Bc3 Bc5 24. Bxa5 Qa7 25. Bd2 Ndf8 26. Kh1 Ne6 27. Nc4 Bf2 28. Rf1 Bg3 29. Be3 Qb8 30. Nd6 Re7 31. Nd4 Bh4 32. N4f5 1-0

[Event "FIDE CB Open 2022"]
[Site "Ceske Budejovice"]
[Date "2022.07.08"]
[Round "8.39"]
[White "Hradek, Matyas"]
[Black "Schmied, Eva-Maria"]
[Result "*"]
[WhiteElo "1888"]
[BlackElo "1718"]
[Annotator "NA RC"]
[PlyCount "58"]
[EventDate "2022.07.01"]
[EventType "swiss"]
[EventCountry "CZE"]
[SourceTitle "playchess.com"]
[Source "ChessBase"]
[SourceQuality "1"]

1. e4 c5 2. Nf3 e6 3. d4 cxd4 4. Nxd4 Nc6 5. Bf4 a6 6. Nxc6 bxc6 7. c4 Qb6 8. Qc2 Bb4+ 9. Nc3 Ne7 10. a3 Qa5 11. Bd2 Bxc3 12. Bxc3 Qg5 13. h4 Qg6 14. h5 Qg5 15. h6 f6 16. Bd2 Qg6 17. O-O-O Qf7 18. hxg7 Qxg7 19. Bh6 Qf7 20. Be2 Ng6 21. f4 f5 22. exf5 Qxf5 23. Bd3 Qg4 24. Qc3 Rg8 25. f5 Nf4 26. fxe6 dxe6 27. Qd2 Nxd3+ 28. Qxd3 Rg6 29. Qd8+ Kf7 *

[Event "FIDE CB Open 2022"]
[Site "Ceske Budejovice"]
[Date "2022.07.08"]
[Round "8.40"]
[White "Pavlicek, Petr"]
[Black "Shirinyan, Daniel"]
[Result "0-1"]
[WhiteElo "1806"]
[BlackElo "1876"]
[Annotator "NA RC"]
[PlyCount "70"]
[EventDate "2022.07.01"]
[EventType "swiss"]
[EventCountry "CZE"]
[SourceTitle "playchess.com"]
[Source "ChessBase"]
[SourceQuality "1"]

1. Nf3 Nf6 2. g3 g6 3. c4 Bg7 4. Nc3 d6 5. d4 O-O 6. Bg2 Nc6 7. d5 Na5 8. b3 c6 9. dxc6 Ne4 10. Nxe4 Bxa1 11. Bh6 Bg7 12. Bxg7 Kxg7 13. cxb7 Nxb7 14. h4 h5 15. O-O Qb6 16. Nc3 Be6 17. Nd4 Rac8 18. Na4 Qa6 19. Nxe6+ fxe6 20. Bh3 Rf6 21. Nc3 Nc5 22. Qd2 Qb7 23. Qe3 a5 24. f3 Rd8 25. Kh2 Qc7 26. Rg1 Rh8 27. Nb5 Qb8 28. Kh1 e5 29. Rd1 Rd8 30. g4 hxg4 31. Bxg4 Rh8 32. Qg5 Ne6 33. Bxe6 Rxe6 34. Rg1 Rh5 35. Qxh5 Qh8 0-1

[Event "FIDE CB Open 2022"]
[Site "Ceske Budejovice"]
[Date "2022.07.08"]
[Round "8.41"]
[White "Hrbek, Jachym"]
[Black "Chval, Zdenek"]
[Result "*"]
[WhiteElo "1695"]
[BlackElo "2063"]
[Annotator "NA RC"]
[PlyCount "57"]
[EventDate "2022.07.01"]
[EventType "swiss"]
[EventCountry "CZE"]
[SourceTitle "playchess.com"]
[Source "ChessBase"]
[SourceQuality "1"]

1. e4 c5 2. Nf3 d6 3. d4 cxd4 4. Nxd4 Nf6 5. Nc3 a6 6. Bd3 e6 7. O-O Be7 8. Kh1 O-O 9. f4 Qc7 10. Qe2 Nc6 11. Nxc6 bxc6 12. Bd2 Bb7 13. Rf3 c5 14. Rh3 g6 15. b3 Rfd8 16. Rf1 Qc6 17. Rg3 Rd7 18. h4 Rad8 19. f5 d5 20. exd5 Qc7 21. Bf4 Bd6 22. fxe6 Bxf4 23. Rgf3 Nh5 24. exd7 Rxd7 25. Qe8+ Kg7 26. Rxf4 Nxf4 27. Rxf4 Re7 28. Qa4 c4 29. Qxc4 *

[Event "FIDE CB Open 2022"]
[Site "Ceske Budejovice"]
[Date "2022.07.08"]
[Round "8.42"]
[White "Kotleska, Roman"]
[Black "Nagyova, Daniela"]
[Result "1-0"]
[WhiteElo "1863"]
[BlackElo "1712"]
[Annotator "NA RC"]
[PlyCount "151"]
[EventDate "2022.07.01"]
[EventType "swiss"]
[EventCountry "CZE"]
[SourceTitle "playchess.com"]
[Source "ChessBase"]
[SourceQuality "1"]

1. c4 e5 2. Nc3 Nf6 3. Nf3 Nc6 4. g3 d5 5. cxd5 Nxd5 6. Bg2 Nb6 7. O-O Be7 8. d3 O-O 9. a3 Be6 10. b4 f6 11. Ne4 Bf7 12. Bb2 a5 13. b5 Na7 14. Nc3 Nd5 15. a4 Nc8 16. Nxd5 Bxd5 17. Qc2 Nb6 18. Rfc1 Bd6 19. e4 Bf7 20. Qd2 Bb3 21. d4 Qe7 22. Qc3 Bxa4 23. dxe5 fxe5 24. Nxe5 Kh8 25. Bf1 Rf6 26. f4 Qe8 27. Qd3 Rd8 28. Qe2 Rf8 29. Bd4 Bb3 30. Qb2 a4 31. Nc4 Qf7 32. Na5 Qg6 33. Nxb3 axb3 34. Bg2 h5 35. e5 Be7 36. Rd1 Nd5 37. Qxb3 Nxf4 38. gxf4 Rxf4 39. Be3 Rg4 40. Rxd8+ Bxd8 41. Qb2 Be7 42. Kh1 Qd3 43. Qb1 Qxb1+ 44. Rxb1 b6 45. Bf3 Rc4 46. Kg2 Rc2+ 47. Kg1 Rc3 48. Kf2 Bh4+ 49. Ke2 Rc2+ 50. Kd3 Rxh2 51. Rc1 Rb2 52. Rxc7 Rxb5 53. Be4 g6 54. Bxg6 Bg3 55. Bh6 Rd5+ 56. Kc4 Rc5+ 57. Rxc5 bxc5 58. Kd5 Bxe5 59. Kxe5 h4 60. Kd5 h3 61. Kxc5 h2 62. Be4 Kg8 63. Bf4 Kf7 64. Bxh2 Kf6 65. Bf4 Ke6 66. Kc6 Kf6 67. Kd6 Kf7 68. Bg5 Ke8 69. Bg6+ Kf8 70. Bh6+ Kg8 71. Ke6 Kh8 72. Kf6 Kg8 73. Bf5 Kh8 74. Kg6 Kg8 75. Be6+ Kh8 76. Bg7# 1-0

[Event "FIDE CB Open 2022"]
[Site "Ceske Budejovice"]
[Date "2022.07.08"]
[Round "8.43"]
[White "Kosut, Tomas"]
[Black "Vojtek, Pavel"]
[Result "1-0"]
[WhiteElo "1820"]
[BlackElo "1711"]
[Annotator "NA"]
[PlyCount "73"]
[EventDate "2022.07.01"]
[EventType "swiss"]
[EventCountry "CZE"]
[SourceTitle "playchess.com"]
[Source "ChessBase"]
[SourceQuality "1"]

1. e4 e6 2. d3 d5 3. Nd2 Be7 4. Ngf3 Nf6 5. e5 Nfd7 6. g3 c5 7. Nb3 Nc6 8. Qe2 b6 9. Bg2 Ba6 10. c4 d4 11. O-O Bb7 12. Re1 Qc7 13. Nbd2 Rd8 14. Nf1 O-O 15. h4 Rfe8 16. Bf4 Qc8 17. Ng5 h6 18. Nf3 Qa8 19. N1h2 Bf8 20. g4 Ne7 21. h5 g6 22. hxg6 Nxg6 23. Qd2 Nxf4 24. Qxf4 Bg7 25. g5 hxg5 26. Qxg5 Nf8 27. Qg3 Nh7 28. Ng4 Kh8 29. Kh2 Rg8 30. Rh1 Bf8 31. Kg1 Be7 32. Qh3 Rg7 33. Kf1 Rdg8 34. Nf6 Bxf6 35. exf6 Bxf3 36. Bxf3 Rg1+ 37. Rxg1 1-0

[Event "FIDE CB Open 2022"]
[Site "Ceske Budejovice"]
[Date "2022.07.08"]
[Round "8.44"]
[White "Steinbauer, Sebastian"]
[Black "Svoboda, Petr"]
[Result "1-0"]
[WhiteElo "1808"]
[BlackElo "2088"]
[Annotator "NA RC"]
[PlyCount "47"]
[EventDate "2022.07.01"]
[EventType "swiss"]
[EventCountry "CZE"]
[SourceTitle "playchess.com"]
[Source "ChessBase"]
[SourceQuality "1"]

1. e4 c5 2. Nf3 Nc6 3. Bc4 e6 4. Nc3 Nf6 5. d4 cxd4 6. Nxd4 Ne5 7. Bb3 Bc5 8. Bg5 O-O 9. f4 Ng6 10. f5 Ne5 11. Qd2 Bb4 12. Qf4 Qc7 13. O-O Be7 14. Kh1 Nh5 15. Qh4 Bxg5 16. Qxg5 Nf6 17. fxe6 fxe6 18. Ncb5 Qb8 19. Nf5 Ng6 20. Rae1 Qe5 21. Ne7+ Kh8 22. Nxg6+ Kg8 23. Ne7+ Kh8 24. Nf5 1-0

[Event "FIDE CB Open 2022"]
[Site "Ceske Budejovice"]
[Date "2022.07.08"]
[Round "8.45"]
[White "Travnicek, Jaroslav"]
[Black "Svoboda, Daniel"]
[Result "*"]
[WhiteElo "1730"]
[BlackElo "1679"]
[Annotator "NA RC"]
[PlyCount "79"]
[EventDate "2022.07.01"]
[EventType "swiss"]
[EventCountry "CZE"]
[SourceTitle "playchess.com"]
[Source "ChessBase"]
[SourceQuality "1"]

1. e4 c5 2. c3 Nf6 3. e5 Nd5 4. d4 cxd4 5. cxd4 d6 6. Nf3 Nc6 7. Bc4 dxe5 8. dxe5 Ndb4 9. Qxd8+ Nxd8 10. Bb3 Bf5 11. Nd4 Bg6 12. O-O e6 13. Ba4+ Nbc6 14. Nxc6 Nxc6 15. Be3 a6 16. Bxc6+ bxc6 17. Rc1 Rc8 18. Nc3 Be7 19. Na4 O-O 20. Bc5 Bxc5 21. Rxc5 Rfd8 22. h3 Be4 23. Rac1 Rb8 24. Ra5 Rb5 25. Rc5 Bd3 26. b3 Rxa5 27. Rxa5 Rd5 28. Rxd5 exd5 29. Nc5 Be2 30. f4 Kf8 31. Kf2 Bd1 32. Nxa6 Ke7 33. Nc5 Kd8 34. Ke3 Bc2 35. Kd4 Bf5 36. Nb7+ Kc7 37. Nd6 Bb1 38. a3 f6 39. exf6 gxf6 40. Ne8+ *

[Event "FIDE CB Open 2022"]
[Site "Ceske Budejovice"]
[Date "2022.07.08"]
[Round "8.46"]
[White "Nejdl, Eduard"]
[Black "Almaini, Aishah Sarhan"]
[Result "*"]
[WhiteElo "1951"]
[BlackElo "1615"]
[Annotator "NA RC"]
[PlyCount "65"]
[EventDate "2022.07.01"]
[EventType "swiss"]
[EventCountry "CZE"]
[SourceTitle "playchess.com"]
[Source "ChessBase"]
[SourceQuality "1"]

1. e4 e5 2. Nf3 Nf6 3. Nxe5 d6 4. Nf3 Nxe4 5. Nc3 Nf6 6. d4 Be7 7. Bf4 Nbd7 8. Qd2 c6 9. d5 c5 10. a4 a6 11. h3 b6 12. Be2 Nf8 13. O-O Ng6 14. Bg3 O-O 15. Nh2 Bf5 16. Ng4 Qd7 17. Ne3 Rfc8 18. Nc4 Rab8 19. a5 b5 20. Nb6 Rxb6 21. axb6 Qb7 22. Bf3 Qxb6 23. Nd1 Qb7 24. Re1 c4 25. Ne3 Be4 26. Qd4 Bxf3 27. gxf3 Nh5 28. Nf5 Qd7 29. Qg4 Nf6 30. Nxe7+ Nxe7 31. Qxd7 Nxd7 32. Rxe7 Nf6 33. Rxa6 *

[Event "FIDE CB Open 2022"]
[Site "Ceske Budejovice"]
[Date "2022.07.08"]
[Round "8.47"]
[White "Simajchl, Adam"]
[Black "Petirova, Iva"]
[Result "1-0"]
[WhiteElo "1610"]
[BlackElo "1722"]
[Annotator "NA"]
[PlyCount "90"]
[EventDate "2022.07.01"]
[EventType "swiss"]
[EventCountry "CZE"]
[SourceTitle "playchess.com"]
[Source "ChessBase"]
[SourceQuality "1"]

1. d4 c5 2. d5 e5 3. c4 d6 4. Nc3 g6 5. e4 Bg7 6. Bd3 Nf6 7. Nge2 O-O 8. Ng3 Nbd7 9. h4 h5 10. Bg5 Qb6 11. Qb3 Qxb3 12. axb3 a6 13. Nb5 axb5 14. Rxa8 b4 15. O-O Re8 16. f3 Nh7 17. Raa1 Nxg5 18. hxg5 f6 19. gxf6 Bxf6 20. Ne2 Kg7 21. Kf2 Rh8 22. Rh1 Nf8 23. Rag1 Nd7 24. g4 h4 25. g5 Be7 26. Rg4 Rh5 27. Rgxh4 Rxh4 28. Rxh4 Bxg5 29. Rh1 Bf6 30. Ng3 Bg5 31. Rg1 Kf6 32. Rh1 Kg7 33. Ne2 Bf6 34. Ra1 Nb6 35. Ke3 Kf7 36. Ng1 Bg5+ 37. Kf2 Bh4+ 38. Kg2 Bg5 39. Bf1 Nd7 40. Kh1 Be3 41. Bh3 Nb6 42. Bxc8 Nxc8 43. Ra8 Nb6 44. Rb8 Kf6 45. Rxb7 Nd7 1-0

[Event "FIDE CB Open 2022"]
[Site "Ceske Budejovice"]
[Date "2022.07.08"]
[Round "8.48"]
[White "Rybackova, Lucie"]
[Black "Smola, David"]
[Result "*"]
[WhiteElo "1696"]
[BlackElo "1609"]
[Annotator "NA RC"]
[PlyCount "81"]
[EventDate "2022.07.01"]
[EventType "swiss"]
[EventCountry "CZE"]
[SourceTitle "playchess.com"]
[Source "ChessBase"]
[SourceQuality "1"]

1. e4 c5 2. d4 cxd4 3. c3 dxc3 4. Nxc3 e6 5. Nf3 Bb4 6. Bc4 Bxc3+ 7. bxc3 Ne7 8. O-O O-O 9. Ba3 Nbc6 10. Qd6 f5 11. Rfe1 Re8 12. Nd4 fxe4 13. Nxc6 Nxc6 14. Rxe4 Qe7 15. Qxe7 Nxe7 16. Bxe7 Rxe7 17. Rd1 b6 18. Rd6 Bb7 19. Red4 Bc6 20. f4 Rf8 21. g3 g6 22. Rd2 Rf5 23. Bb3 Kg7 24. Re2 Kf6 25. Bxe6 Rxe6 26. Rexe6+ dxe6 27. Rxc6 Ra5 28. Rc7 h5 29. Kf2 Rxa2+ 30. Kf3 a5 31. Rb7 Rb2 32. c4 Rb4 33. c5 bxc5 34. Rc7 c4 35. Rc5 a4 36. Ke4 a3 37. Ra5 Rb3 38. Kd4 c3 39. Kd3 Rb2 40. Rxa3 Rxh2 41. Rxc3 *

[Event "FIDE CB Open 2022"]
[Site "Ceske Budejovice"]
[Date "2022.07.08"]
[Round "8.49"]
[White "Hammel, Juergen"]
[Black "Krejci, Vera Marie"]
[Result "1/2-1/2"]
[WhiteElo "1650"]
[BlackElo "1554"]
[Annotator "NA RC"]
[PlyCount "52"]
[EventDate "2022.07.01"]
[EventType "swiss"]
[EventCountry "CZE"]
[SourceTitle "playchess.com"]
[Source "ChessBase"]
[SourceQuality "1"]

1. e4 e6 2. d4 d5 3. exd5 exd5 4. Nf3 Bd6 5. Nc3 c6 6. Bd3 Ne7 7. O-O O-O 8. Ne5 Bf5 9. Ne2 Bxd3 10. Qxd3 Ng6 11. f4 Nd7 12. Qh3 Nf6 13. Ng3 Qb6 14. Kh1 Rad8 15. c3 Qc7 16. Nh5 Nxh5 17. Qxh5 Qe7 18. g3 f6 19. Nxg6 Qe4+ 20. Kg1 Qxg6 21. Qxg6 hxg6 22. Bd2 Rfe8 23. Rfe1 Kf7 24. Kf2 f5 25. Rxe8 Rxe8 26. h4 Kf6 1/2-1/2

[Event "FIDE CB Open 2022"]
[Site "Ceske Budejovice"]
[Date "2022.07.08"]
[Round "8.50"]
[White "Hladky, Mikulas"]
[Black "Svejda, Karel"]
[Result "1/2-1/2"]
[WhiteElo "1549"]
[BlackElo "1619"]
[Annotator "NA RC"]
[PlyCount "77"]
[EventDate "2022.07.01"]
[EventType "swiss"]
[EventCountry "CZE"]
[SourceTitle "playchess.com"]
[Source "ChessBase"]
[SourceQuality "1"]

1. e4 c5 2. Nf3 Nc6 3. Bb5 g6 4. c3 Bg7 5. d4 cxd4 6. cxd4 e6 7. Nc3 Nge7 8. O-O O-O 9. Bf4 d5 10. Bxc6 bxc6 11. exd5 Nxd5 12. Be3 Ba6 13. Re1 Nxc3 14. bxc3 Qa5 15. Qd2 Rfd8 16. Bh6 c5 17. Bxg7 Kxg7 18. Re5 Rd5 19. Rxd5 exd5 20. Qe3 cxd4 21. Qe5+ Kg8 22. cxd4 Rc8 23. h3 Bc4 24. Qe3 Qa4 25. Qh6 f6 26. Qe3 Re8 27. Qf4 Kg7 28. Qc7+ Kg8 29. Qd6 Qa6 30. Qxa6 Bxa6 31. Re1 Rxe1+ 32. Nxe1 Kf7 33. g4 Ke6 34. f4 g5 35. fxg5 fxg5 36. Nf3 h6 37. Ne5 Bc4 38. a3 Bb5 39. Kf2 1/2-1/2